000 00575nam a2200205 a 4500
999 _c7147
_d7147
001 7147
003 BD-JhCC
005 20180212093834.0
008 180205s1965 usa |||| |||| 000 0 eng d
035 _a(BD-JhCC)
040 _aBD-JhCC
_dBD-JhCC
041 _aeng
082 _a374.948
_bCON 1965
100 _aConant, James Brayant
245 _aEducation and Liberty :
_bThe Role of the Schools in a Modern Democracy /
_cJames Brayant Conant
260 _aUSA:
_bHarvard University Press;
_c1965
300 _a168 p;,
_c22 cm
650 _aAdult Education
942 _2ddc
_cBK